Chansons de Werenoi - Album Pyramide 2 - Statistiques

Statistiques générales
  • Ce quiz a été pris 35 fois
  • Le résultat moyen est 9 sur 14
Statistiques - réponses
Ordre dans l'album Chansons % Correct
02 Vermine
85%
13 6 étoiles
81%
12 5 étoiles
77%
01 Alpha
77%
07 Pétunias
73%
04 C63
65%
03 La famine
65%
06 Moteur brûlant
65%
05 En pétard
62%
14 Oméga
62%
09 Malus
58%
11 Balkans
54%
08 Emelyne
54%
10 L'or et la pierre
54%
Aucun quiz correspondant
Distribution des résultats
% des personnes avec chaque résultat
Percentile par nombre de réponses
Votre historique - résultats
Vous n’avez pas pris ce quiz